00729nam a2200241Ia 450000100060000000300090000600800410001504000130005604000130006904100120008210000200009410000290011424500370014324500410018025000110022126000180023226000260025026000490027630000590032550000570038465000150044165000310045634193IT-RoPAU130308s9999 xx 000 0 und d aIT-RoPAU cIT-RoPAU aINGLESE aCuller Jonathan gCodice Aut. SPICS: 4114 aSemiology: the Saussurian Legacy bCulture, Ideology And Social Process a1a ed. aMILTON KEYNES bOpen University Press c1983 [1° Ed.:1981 - Ed.Ling.Originale:1981] a"15 p. (prefazione: no ; testo: 15 [pagine: 129-143])" aSemiologia Eredità€ saussuriana Analisi Semiologica aSOCIOLOGIA eCodice materia Spics: 3651